Volkswagen Group - Statystyki

Ogólne statystyki
  • Ten quiz został rozwiązany 87 razy
  • Średni wynik to 6 z 13
Statystyki odpowiedzi
Odpowiedź % Poprawnych
Audi
95%
Volkswagen
90%
Skoda
87%
Seat
86%
Porsche
65%
Lamborghini
52%
Cupra
39%
Bentley
38%
MAN
31%
Scania
29%
Ducati
13%
Jetta
3%
Scout
0%
Nie znaleziono quizów pasujących do podanych kryteriów
Rozkład punktacji
Procent ludzi z każdym wynikiem
Percentyl według liczby udzielonych odpowiedzi
Twoja historia wyników
Nie rozwiązałeś tego quizu